Význam Multilaterálneho nástroja pre medzinárodné zdaňovanie
Mnohostranný dohovor (71 krajín) na zavedenie opatrení na zamedzenie narúšania základov dane a presunov ziskov súvisiacich s daňovými zmluvami. Medzinárodné daňové úniky - daňová štruktúra "dvojitý írsky sendvič." Štruktúra "prístrešok pred daňou." Daňové úniky v oblasti dane z pridanej hodnoty - ka...
Gespeichert in:
| 1. Verfasser: | |
|---|---|
| Weitere Verfasser: | |
| Format: | Buchkapitel |
| Sprache: | Slowakisch |
| Schlagworte: | |
| Tags: |
Keine Tags, Fügen Sie das erste Tag hinzu!
|
MARC
| LEADER | 00000nla a2200000 4500 | ||
|---|---|---|---|
| 001 | 0239669 | ||
| 005 | 20240502073902.7 | ||
| 041 | 0 | |a slo | |
| 044 | |a SK | ||
| 245 | 1 | 0 | |a Význam Multilaterálneho nástroja pre medzinárodné zdaňovanie |c Anna Harumová, Branislav Kováč |
| 520 | |a Mnohostranný dohovor (71 krajín) na zavedenie opatrení na zamedzenie narúšania základov dane a presunov ziskov súvisiacich s daňovými zmluvami. Medzinárodné daňové úniky - daňová štruktúra "dvojitý írsky sendvič." Štruktúra "prístrešok pred daňou." Daňové úniky v oblasti dane z pridanej hodnoty - karuselové podvody. Príklady nadnárodných spoločností. | ||
| 610 | 2 | 0 | |a dane |
| 610 | 2 | 0 | |a únik daňový |
| 610 | 2 | 0 | |a zdaňovanie medzinárodné |
| 610 | 2 | 0 | |a podvody daňové |
| 610 | 2 | 0 | |a spoločnosti nadnárodné |
| 610 | 2 | 0 | |a dohody medzinárodné |
| 100 | 1 | |a Harumová, Anna, 1955- | |
| 700 | 1 | |a Kováč, Branislav, 1976- | |